00656nam a22001697a 4500999001900000003000500019005001700024008004100041038000600082082001400088100003900102245016000141260005600301300000900357942001200366952010800378 c478637d478637NUST20180621111451.0180620b ||||| |||| 00| 0 eng d a0 a301.32954 4Population Association of Pakistan aSharing Population and development Research across South and West Asiabfifth annual research conference proceedings 14-16 December 2004, Karachi, Pakistan aIslamabadbPopulation Association of Pakistanc2005 a705p 2ddccBK 00102ddc40708NFICaCLbCLcGENd2018-06-20l0o301.32954 SHApS3H-D-336r2018-06-20w2018-06-20yBK